00605cpcaa22002057a 4500001001300000003000400013005001700017008004100034010001700075040002400092072001200116245004800128300001400176506002200190546003600212580005700248651003200305651004500337999001700382mm 78002799 DLC20260227111619.0781215|||||||||||| eng  amm 78002799  aDLCcDLCedacsdDLC 7aW2lcmd00aBattle of Aquia Creek, Va., reports,f1861. a5fitems.0 aOpen to research. aCollection material in English. aForms part of: Miscellaneous Manuscripts collection. 0aAquia Creek (Va.)xHistory. 0aVirginiaxHistoryyCivil War, 1861-1865. c39589d39589